| 000 | 01598nam a2200397 a 4500 | ||
|---|---|---|---|
| 001 | ebr10470488 | ||
| 003 | CaPaEBR | ||
| 006 | m u | ||
| 007 | cr cn||||||||| | ||
| 008 | 101221s2011 ne sb 001 0 eng d | ||
| 010 | _z 2010053774 | ||
| 020 | _z9789004172326 (hardback : alk. paper) | ||
| 020 | _z9789047425793 (e-book) | ||
| 040 |
_aCaPaEBR _cCaPaEBR |
||
| 035 | _a(OCoLC)847464638 | ||
| 050 | 1 | 4 |
_aK3258 _b.T46 2011eb |
| 082 | 0 | 4 |
_a342.08/52 _222 |
| 100 | 1 |
_aThompson, A. K. _q(Anthony Keith) |
|
| 245 | 1 | 0 |
_aReligious confession privilege at the common law _h[electronic resource] / _cby A. Keith Thompson. |
| 260 |
_aLeiden ; _aBoston [Mass.] : _bM. Nijhoff Publishers, _c2011. |
||
| 300 | _axxvii, 395 p. | ||
| 490 | 1 |
_aStudies in religion, secular beliefs, and human rights, _x1871-7829 ; _vv. 9 |
|
| 504 | _aIncludes bibliographical references and index. | ||
| 533 |
_aElectronic reproduction. _bPalo Alto, Calif. : _cebrary, _d2013. _nAvailable via World Wide Web. _nAccess may be limited to ebrary affiliated libraries. |
||
| 650 | 0 | _aLiberty of conscience. | |
| 650 | 0 | _aFreedom of religion. | |
| 650 | 0 | _aConfession (Law) | |
| 650 | 0 | _aConfession (Canon law) | |
| 650 | 0 | _aEvidence (Law) | |
| 650 | 0 | _aEvidence (Canon law) | |
| 650 | 0 | _aConfidential communications. | |
| 655 | 7 |
_aElectronic books. _2local |
|
| 710 | 2 | _aebrary, Inc. | |
| 830 | 0 |
_aStudies in religion, secular beliefs, and human rights ; _vv. 9. |
|
| 856 | 4 | 0 |
_uhttp://site.ebrary.com/lib/rucke/Doc?id=10470488 _zAn electronic book accessible through the World Wide Web; click to view |
| 999 |
_c214777 _d214777 |
||